| 000 | 01196nmm a22003257a 4500 | ||
|---|---|---|---|
| 003 | EG-ScBUE | ||
| 005 | 20220605141538.0 | ||
| 008 | 110920t2011 enka f 000 0 eng d | ||
| 020 | _a0230033008 | ||
| 020 | _a9780230033009 | ||
| 040 |
_aEG-ScBUE _beng _erda _cEG-ScBUE _dEG-ScBUE |
||
| 082 | 0 | 4 |
_222 _a428.24 _bCLA |
| 100 | 1 |
_aClandfield, Lindsay, _eauthor. _927030 |
|
| 245 | 1 | 0 |
_aGlobal, _pIntermediate, _pCoursebook / _cLindsay Clanfield, Rebecca Robb Benne, with additional material by Amanda Jeffries. |
| 246 | 3 | 0 | _aIntermediate |
| 246 | 3 | 0 | _aCoursebook |
| 264 | 1 |
_aOxford : _bMacmillan Education, _c2011. |
|
| 300 |
_a158 pages : _bcolor illustrations ; _c30 cm |
||
| 336 |
_2rdacontent _atext _btxt |
||
| 337 |
_2rdamedia _aunmediated _bn |
||
| 338 |
_2rdacarrier _avolume _bnc |
||
| 650 | 7 |
_910201 _aEnglish language _vTextbooks for foreign speakers. _2BUEsh |
|
| 650 | 7 |
_912671 _aEnglish language _vTextbooks for foreign speakers. _xStudy and teaching|Foreign speakers. _2BUEsh |
|
| 651 | _2BUEsh | ||
| 653 |
_cAugust2015 _bHHUUEENN |
||
| 655 |
_vReading book _934232 |
||
| 700 | 1 |
_aBenne, Rebecca Robb, _eauthor. _927029 |
|
| 700 | 1 |
_aJeffries, Amanda, _econtributor. |
|
| 942 |
_2ddc _cBB |
||
| 999 |
_c16072 _d16072 |
||